000 00617nam a22002057a 4500
999 _c3292
_d3292
003 OSt
005 20231110152356.0
008 231110b ||||| |||| 00| 0 eng d
020 _a9789670337074
040 _cKH8
082 _a400 FAR
100 _aFarah Nurain Rahmad,
_eauthor.
245 _aPondok Telefon di Tepi Rumah /
_cFarah Nurain Rahmad.
260 _aKuala Lumpur ;
_bPenerbitan D E,
_c2012.
300 _a24 pages :
_bcolor illustrations ;
_c19 cm x 26 cm.
440 _aBertanggungjawab Amalan Mulia
650 _aDidactic fiction
_vMalay
830 _aBertanggungjawab Amalan Mulia
942 _2ddc
_cTR